000
00232 a2200085 4500
020
_a
978-0262543026
100
_a
Philippa Lewis
245
_a
Stories from Architecture: Behind the Lines at Drawing Matter
260
_b
The MIT Press
_c
2021
999
_c
13353
_d
13353